Kisah pemandu teksi

Bibliographic Details
Main Author: Azlin Ayub
Format: Book
Published: Selangor : Penerbitan Zhafran , 2008
Series:Himpunan kisah seram
Subjects:

MARC

LEADER 00000cam a2200000 7i4500
001 0000032926
005 20151222.0
008 120704
020 |a 9833670864 (Set) 
020 |a 9833670918 
090 0 0 |a JF   |b AD MAL 
100 0 |a Azlin Ayub 
245 1 0 |a Kisah pemandu teksi   |c Azlin Ayub 
260 |a Selangor :   |b Penerbitan Zhafran ,   |c 2008 
440 |a Himpunan kisah seram 
500 |a Children ages 7-9 years old (orange) 
650 0 |a Detective and mystery stories, Malay 
650 0 |a Malay fiction 
999 |a 0001078471   |b Book   |c Children Collection   |e Cawangan Mersing 
999 |a 0001136508   |b Book   |c Children Collection   |e Cawangan Bandar Tenggara 
999 |a 0001136509   |b Book   |c Children Collection   |e Cawangan Bandar Penawar 
999 |a 0001136511   |b Book   |c Children Collection   |e Perbadanan Perpustakaan Awam Johor 
999 |a 0001136512   |b Book   |c Children Collection   |e Perbadanan Perpustakaan Awam Johor